<?xml version="1.0" encoding="UTF-8"?>
<marc:record xmlns:marc="http://www.loc.gov/MARC21/slim">
   <marc:leader>00000nam a2200000 a 4500</marc:leader>
   <marc:datafield ind1="1" ind2=" " tag="100">
      <marc:subfield code="a">Bournay, Delphine</marc:subfield>
      <marc:subfield code="4">aut</marc:subfield>
      <marc:subfield code="e">Verfasser/-in</marc:subfield>
   </marc:datafield>
   <marc:datafield ind1=" " ind2=" " tag="653">
      <marc:subfield code="a">Freunde</marc:subfield>
   </marc:datafield>
   <marc:datafield ind1="0" ind2="0" tag="245">
      <marc:subfield code="a">Krümel und Pfefferminz</marc:subfield>
   </marc:datafield>
   <marc:datafield ind1="0" ind2="0" tag="245">
      <marc:subfield code="b">wilde Tiere</marc:subfield>
   </marc:datafield>
   <marc:datafield ind1="0" ind2="0" tag="245">
      <marc:subfield code="c">Delphine Bournay</marc:subfield>
   </marc:datafield>
   <marc:datafield ind1=" " ind2="1" tag="264">
      <marc:subfield code="a">München</marc:subfield>
      <marc:subfield code="b">Hanser Verl.</marc:subfield>
      <marc:subfield code="c">2013</marc:subfield>
   </marc:datafield>
   <marc:datafield ind1="1" ind2=" " tag="520">
      <marc:subfield code="a">Krümel und Pfefferminz sind beunruhigt. Sie suchen jetzt schon ewig auf der Weltkarte, aber sie finden ihren Wald einfach nicht. Kann es sein, dass er gar nicht drauf ist? Dummerweise hat das Wildschwein ein Stück von der Karte abgebissen - da, wo der Marmeladenfleck war. Jetzt werden sie nie erfahren, wo ihr Wald liegt ... Pfefferminz hat allerdings noch ein anderes Problem: Er möchte nicht immer nur Marmelade essen. Deshalb will er sein leckeres Hähnchenrezept ausprobieren. Aber wo bekommt er bloß ein Hähnchen her?</marc:subfield>
   </marc:datafield>
   <marc:datafield ind1=" " ind2=" " tag="020">
      <marc:subfield code="a">2096822678082</marc:subfield>
      <marc:subfield code="9">2096822678082</marc:subfield>
   </marc:datafield>
   <marc:datafield ind1=" " ind2=" " tag="300">
      <marc:subfield code="a">109 S. ; Ill.</marc:subfield>
   </marc:datafield>
</marc:record>
